000 00633nam a2200205 a 4500
005 20140310183416.0
008 070906s19uu xx 00 eng d
020 _a9719322810
050 _aHF 5386
_b.K82 2006
100 _aKong, Francis J.
245 _aJust when you think you can't do it... do it!. /
_cFrancis J. Kong
260 _aPhilippines :
_bSuccess Options Inc,
_c2006.
300 _a153 p. :
_bill. ;
_c22 cm.
521 _aBSBA
650 _aWork literary
_xCollection.
650 _aBusinessmen
_xliterary collection.
650 _aBusinessmen (Inspirational writings).
942 _cBK
_2lcc
_kLOC
999 _c22584
_d22584